000 00825nam a2200241Ia 4500
003 OSt
005 20220923222540.0
006 a|||||r|||| 00| 0
007 ta
008 220922b |||||||| |||| 00| 0 hin d
024 _a205,887
037 _cTextual
040 _aARTS
_cARTS
_bhin
041 _2hin
_ahin
082 _aP:795, 152N1
100 _aगुप्त, गार्गी, संपा.
245 0 _aअनुवाद ंिचंतन के सैद्धांतिक आयाम
246 _aAnuvād anichantan ke saiddhāantik āyāma
260 _aनई दिल्ली
_b भारतीय अनुवाद
_c1991
300 _a98पृ.
_ccm.
942 _hP:795, 152N1
_cTEXL
_2CC
999 _c356566
_d356566